LEADER 01092nam1-2200373---450- 001 990002667600203316 005 20051004185743.0 035 $a000266760 035 $aUSA01000266760 035 $a(ALEPH)000266760USA01 035 $a000266760 100 $a20051004d1976----km-y0itay0103----ba 101 0 $aita 102 $aIT 105 $a||||||||001yy 200 1 $a<>agorà di Cirene 210 $aRoma$c<>Erma di Bretschneider 215 $av.$d29 cm 225 2 $aMonografie di archeologia libica 410 0$12001$aMonografie di archeologia libica 461 0 $12001 463 \1$1001990002667610203316$12001 $a<> : <> lati nord ed est della platea inferiore 606 0 $aScavi archeologici$yCirene$xAgorà 676 $a913 702 1 $aSTUCCHI,$bSandro 801 0$aIT$bsalbc$gISBD 912 $a990002667600203316 951 $aX C Coll. 15$bL.M.$cX C Coll. 959 $aBK 969 $aUMA 979 $aVITALE$b90$c20051004$lUSA01$h1856 979 $aVITALE$b90$c20051004$lUSA01$h1857 996 $aAgorà di Cirene$986635 997 $aUNISA LEADER 01200nam1 2200385 450 001 990003454180203316 005 20101013124149.0 035 $a000345418 035 $aUSA01000345418 035 $a(ALEPH)000345418USA01 035 $a000345418 100 $a20101013d21-c----km-y0itay50------ba 101 $aeng 102 $aUS 105 $a||||||||001yy 200 1 $aAmerican fantastic tales$fedited by Peter Straub 210 $a2 volumi$d21 cm 410 0$12001 454 1$12001 461 1$1001-------$12001 463 \1$1001990003454210203316$12001 $a<> Terror and the uncanny from Poe to the pulps 463 \1$1001990003454220203316$12001 $a<> Terror and the uncanny from the 1940s to now 676 $a813.4 702 1$aSTRAUB,$bPeter 801 0$aIT$bsalbc$gISBD 912 $a990003454180203316 951 $aVII.4. Coll. 1/$bL.M.$cVII.4. 959 $aBK 969 $aUMA 979 $aMARTUCCIEL$b90$c20101013$lUSA01$h1224 979 $aMARTUCCIEL$b90$c20101013$lUSA01$h1229 979 $aMARTUCCIEL$b90$c20101013$lUSA01$h1229 979 $aMARTUCCIEL$b90$c20101013$lUSA01$h1241 996 $aAmerican fantastic tales$91108843 997 $aUNISA